000 00342nam a2200133Ia 4500
008 240624s9999 xx 000 0 und d
041 _aeng
082 _a658 AIM
100 _aAIMA
245 _aINNOVATE RESTRUCTURE REORGANIZE CHALLENG
260 _c2009
_aNew Delhi
_bExcel Books
300 _aviii, : 113 : p. : cm. ; 24
365 _cRS
_b30
999 _c14710
_d14710